000 00637cam a22002411 4500
001 sa 66002243
003 DLC
005 20260227112228.0
008 890914s1963 ii 000 0 tamo
010 _asa 66002243
035 _a(OCoLC)20339988
040 _aDLC
_cWaU
_dDLC
042 _apremarc
050 0 0 _aPL4758.6
_b.A3 1963
100 0 _aAiyan̲āritan̲ār.
245 1 0 _aAiyan̲āritan̲ār aruḷiya Pur̲apporuḷ veṇpāmālai.
260 _c[1963]
300 _a356 p.
_c18 cm.
500 _aIn Tamil.
650 0 _aTamil poetry.
700 0 _aPuliyūrk Kēcikan̲.
740 0 _aPur̲apporuḷ veṇpāmālai.
999 _c68246
_d68246